000
00259nam a2200097Ia 4500
082
_a
EF GREE
245
0
_a
10 reasons not to fall inlove
100
_a
GREEN, Linda London, 2009
_9
96743
942
_c
BK
008
210817s9999 xx 000 0 und d
999
_c
407969
_d
407968